| 000 | 00830nam a2200253 i 4500 | ||
|---|---|---|---|
| 001 | 17114 | ||
| 003 | ES-MaACL | ||
| 005 | 20240227135320.0 | ||
| 007 | t| | ||
| 008 | 001220s1991 sp ||||1| spa d | ||
| 020 | _a84-339-0770-0 | ||
| 080 | _a929 Gombrowicz, Witold | ||
| 100 | 1 |
_aGombrowicz, Witold. _957737 |
|
| 245 | 1 | 0 |
_aTestamento _b: entrevistas con Dominique Roux / _cWitold Gombrowicz ; traducción de Rosa Alapont. |
| 260 |
_aBarcelona : _bAnagrama, _c[1991] |
||
| 300 |
_a248 p., [8] p. de lám ; _c23 cm. |
||
| 490 | 1 |
_aBiblioteca de la memoria ; _v5 |
|
| 600 | 1 | 4 |
_aGombrowicz, Witold- _vEntrevistas. _957738 |
| 700 | 1 |
_aRoux, Dominique. _9100103 |
|
| 700 | 1 |
_aAlapont, Rosa _919120 |
|
| 830 | 0 |
_aBiblioteca de la memoria ; _v5 _9177960 |
|
| 852 |
_aES-MaACL _jL-23947 _bR.129104 |
||
| 999 |
_c17114 _d17114 |
||